000 00512nam a22001697a 4500
003 UA-OsUOA
001 19354
007 ta
008 20040811b un ||||| |||| 00| 0 ukr d
942 _cSA
040 _aUA-OsUOA
_cUA-OsUOA
_dUA-OsUOA
245 _aМитрополит Володимир відвідав Рівненщину
300 _aС.3
955 _a0
773 0 _w0
_tРівненська газета
_dРівне
_d2004
_g№68/9 серп./
650 7 _aВолодимир , митрополит
_2UDC
999 _c305525
_d305525